| 000 | 00997nam a2200289 i 4500 | ||
|---|---|---|---|
| 001 | 000024404 | ||
| 003 | DO-SdBNP | ||
| 005 | 20230512104449.0 | ||
| 007 | ta | ||
| 008 | 110127s1995 dr ae 001 0 spa d | ||
| 040 |
_aDO-SdBNP _bspa _cBNPHU _erda |
||
| 082 | 4 |
_a333.7 _bC575ve _222 |
|
| 245 | 0 | 3 |
_aEl cinturón verde de la ciudad de Santo Domingo / _cprólogo, Joaquín Balaguer. |
| 264 |
_aSanto Domingo : _bBanco de Reservas de la República Dominicana, _c1995. |
||
| 300 |
_a130 páginas : _bilustraciones y planos ; _c25 cm. |
||
| 336 |
_2rdacontent _atext _btxt |
||
| 337 |
_2rdamedia _asin mediación _bn |
||
| 338 |
_2rdacarrier _avolumen _bnc |
||
| 490 | 0 | _aBanreservas | |
| 490 | 0 |
_aCiencia _v1 |
|
| 590 | _aInventariado, 2021 / DG | ||
| 650 | 4 |
_aZonas verdes _z(República Dominicana, Santo Domingo{Rpara} _950033 |
|
| 650 | 4 |
_aPolítica ambiental _zRepública Dominicana _910809 |
|
| 830 | 0 |
_aBanreservas _99258 |
|
| 910 | _aValidado. Control de calidad EMS | ||
| 942 |
_2ddc _cLBS1 |
||
| 999 |
_c23897 _d23897 |
||